00713cam a22002417a 4500003000500000005001700005008004100022010001000063011001000073035001000083040000900093082002900102110000800131245011900139260002300258300001100281410000800292490004800300650005000348700001700398810000800415830004800423CHAP20220817043127.0971013s1987 it r 00010 eng d a66360 a67332 a76802 cCHAP a639.2bF3y v.101 Suppl.2 aFAO10aComputer programs for fish stock assessmentb: Length-based fish stock assessment for Apple II computersc/por FAO aRome :bFAO,c1987 a218 p. aFAO 0aDocumento técnico de pescav; 101 suppl.214aProcesamiento automático de datos en pesca.0 aSparre, Per.0 aFAO00aDocumento técnico de pescav; 101 suppl.2